Pays avec au moins 10% de chrétiens - Statistiques

Statistiques générales
  • Ce quiz a été pris 32 fois
  • Le résultat moyen est 10 sur 17
Answers on the Grid
Answers color-coded by a green-red scale on the quiz's grid according to % correct below.
Indonésie
Andorre
France
Albanie
Maroc
Qatar
Afrique du sud
Israël
Iran
Egypte
Mauritanie
Monaco
Chili
Mongolie
Népal
Inde
Chine
Viet Nam
Arménie
Oman
Iran
Russie
Suède
Bulgarie
Corée du nord
Nouvelle zélande
Roumanie
Grèce
Libye
Tchad
 
Statistiques - réponses
Réponse % Correct
France
88%
Grèce
79%
Afrique du sud
75%
Bulgarie
75%
Roumanie
75%
Russie
71%
Suède
71%
Albanie
67%
Arménie
63%
Monaco
63%
Nouvelle zélande
63%
Andorre
58%
Chili
58%
Chine
25%
Libye
13%
Inde
8%
Tchad
8%
Aucun quiz correspondant
Distribution des résultats
% des personnes avec chaque résultat
Percentile par nombre de réponses
Votre historique - résultats
Vous n’avez pas pris ce quiz